La actividad apícola en el marco de las normas contables vigentes (Registro nro. 9137)
[ vista simple ]
| 000 -LEADER | |
|---|---|
| fixed length control field | 00386 a2200121 4500 |
| 001 - CONTROL NUMBER | |
| control field | ART_7563 |
| 005 - DATE AND TIME OF LATEST TRANSACTION | |
| control field | 20260410161555.0 |
| 008 - FIXED-LENGTH DATA ELEMENTS--GENERAL INFORMATION | |
| fixed length control field | 260409a |
| 100 1# - MAIN ENTRY--PERSONAL NAME | |
| Personal name | Simaro, Gustavo |
| 245 10 - TITLE STATEMENT | |
| Title | La actividad apícola en el marco de las normas contables vigentes |
| 700 1# - ADDED ENTRY--PERSONAL NAME | |
| Personal name | Torchelli, Valeria |
| 773 0# - HOST ITEM ENTRY | |
| Title | Profesional & Empresaria |
| Related parts | - Año IX, Nº 104 (may. 2008) |
| Record control number | REV70 |
No hay ítems disponibles.